000 00656cam a22001814a 4500
005 20250605164056.0
008 250528s ||||||||||||||||||||||||d
035 _a17454
040 _aGR-AtMCL
_bgre
_dGR-AtMCL
_eAACR2
245 1 _aΣπέρμα και Διάστημα / Ίχνη και στοιχεία από Εξωγήινες Διάνοιες
260 _bΗριδανός,
_c1972
300 _a278
520 _aΜε 61 ασπρόμαυρες φωτογραφίες - Ντοκουμέντα και 11 έγχρωμες εικόνες.
700 1 _aΝτάινικεν Ερίχ Φον
_93601
942 _cBK
999 _c2870
_d2870